Регионална библиотека "Любен Каравелов" - Русе

Есеистична проза (Запис номер 6037)

MARC детайли
000 -Лидер
Контролно поле с фиксирана дължина 01465nam a2200313 c 4500
003 - Код на организацията, давaща контролен номер
Контролно поле BLK
005 - Дата и час на последна редакция
Контролно поле 20180420214039.0
008 - Елементи от данни с фиксирана дължина
fixed length control field 180412b bul|||||r ||||||| ||bul||
010 ## - Наследен системен номер
LC control number KNG00007257000
020 ## - Международен стандартен номер на книга ISBN
Международен стандартен номер на книга ISBN 954-07-0495-2
-- издат.: Унив. изд. Св. Климент Охридски
040 ## - Източник на каталожния запис
Идентификатор на билиотеката - собственик на записа BLK
041 ## - Код за език
Код за езика на текст/звукозапис или на отделно заглавие Български
Код за езика КДБФ Български
080 ## - УДК
Текстов определител УДК Общи работи. Философски науки в цялост
УДК код - определител по УДК 101
УДК определител (091)(430)(081.2)
УДК - код + определител 101(091)(430)(081.2)
080 ## - УДК
Текстов определител УДК Испанска литература
УДК код - определител по УДК 821.134.2
УДК определител -4
УДК - код + определител 821.134.2-4
100 1# - Редна дума - Автор
Автор Унамуно и Хуго, Мигел де
Авторска отговорност първи автор
R(LIN) 250959
139 ## - Редно поле
Редна дума Унамуно и Хуго, Мигел де
Авторски знак Ун - У 57
245 10 - Сведения за заглавието
Заглавие Есеистична проза
Подзаглавни данни Т. 1 - 3
Редно поле (дума) Мигел де Унамуно и Хуго.
Том Т. 3
Заглавие на том Есета 1896 - 1912
257 ## - Страна на издаване
Страна на създаване/издаване Испания
260 ## - Област на издателските данни
-- София
Име на издателя, разпространителя и проч. Унив. изд. Св. Климент Охридски
Година на издаване 1995
300 ## - Физическа характеристика
Размери/Мащаб 21 см
380 ## - Жанр
Жанр Философия
650 #4 - Допълнително описание по предмет – тема
Основно описание – тема или топоним Философия, испанска
9 (RLIN) 250960
760 1# - Описание на основната серия
Редна дума на основното описание Унамуно и Хуго, Мигел де
Страници - том 472 с. : с портр. : с портр. ; 21 с
Забележка - том Други прев.: Л. Е. Петракиева, А. Златкова, А. Я. Шишкова, М. Владимирова
Заглавие Т. 3 Есета 1896 - 1912
852 ## - Местоположение
Форматна сигнатура Цб 182699
856 4# - Електронен адрес и достъп
Електронен формат pdf - файл
Път до файла /url/
856 4# - Електронен адрес и достъп
Електронен формат pdf - файл
Път до файла /url/
942 ## - АРТИКУЛИ
Вид на библиотечния материал Книги
Скрит в OPAC Не
944 ## - СЪЗДАВАНЕ И РЕДАКЦИЯ на ЗАПИСА
Създаване/Редакция Създаване
Дата на регистрацията/редакция 15.01.2003
Служител, извършил регистрацията/редакцията Кети_Илиева
944 ## - СЪЗДАВАНЕ И РЕДАКЦИЯ на ЗАПИСА
Създаване/Редакция Редакция
Дата на регистрацията/редакция 05.11.2014
Служител, извършил регистрацията/редакцията
999 ## - СИСТЕМНИ КОНТРОЛНИ НОМЕРА
Koha biblionumber 6037
Koha biblioitemnumber 6037
Наличности
Код за отписване Код за изгубен артикул Източник на класификационната схема Код за повреда Коз за рестрикции Код за отдаване Артикулен № Име на библиотеката - собственик Име на библиотеката, в която се намира в момента Статус (Текущо местоположение) Дата на вписване в системата Местоположение - отдел Цена в лева Инвентарен номер Систематично азбучна сигнатура Баркод Номер на екземпляра Цена в евро Служебна бележка Служебен тип на артикула
  Не е изгубен Universal Decimal Classification Не е повреден без рестрикции ползва се в читалня 10598 Регионална библиотека "Любен Каравелов" Русе Регионална библиотека "Любен Каравелов" Русе Читалня 2001-01-01 Читалня 4.10 612341 Ч 101/У 57 120000612341 1 2.10 Дата инв: 21.03.2017 Бележки инв: Ч2017 Книги
  Не е изгубен Universal Decimal Classification Не е повреден без рестрикции ползва се в читалня 10599 Регионална библиотека "Любен Каравелов" Русе Регионална библиотека "Любен Каравелов" Русе Хранилище 1995-01-01 Хранилище 4.10 612489 Цб 182699 900000024041 2 2.10 Дост: Dp Вид: Д N: стар фонд Дата: 01.01.1995 Книги
Vip Innovations Ltd, Rousse, Bulgaria 2025